Procedure in Taxonomy (Record no. 364281)

MARC details
000 -LEADER
fixed length control field 003940000a22001690004500
060 ## - NATIONAL LIBRARY OF MEDICINE CALL NUMBER
Classification number 100
082 ## - DEWEY DECIMAL CLASSIFICATION NUMBER
Classification number 581.012 SCH
100 ## - MAIN ENTRY--PERSONAL NAME
Personal name Mc Masters, John.H
100 ## - MAIN ENTRY--PERSONAL NAME
Personal name Schenk, Edward.T
245 ## - TITLE STATEMENT
Title Procedure in Taxonomy
250 ## - EDITION STATEMENT
Edition statement 3
260 ## - PUBLICATION, DISTRIBUTION, ETC. (IMPRINT)
Place of publication, distribution, etc. California, Stanford University Press
260 ## - PUBLICATION, DISTRIBUTION, ETC. (IMPRINT)
Date of publication, distribution, etc. 1936
300 ## - PHYSICAL DESCRIPTION
Extent 119
650 ## - SUBJECT ADDED ENTRY--TOPICAL TERM
Topical term or geographic name as entry element Taxonomy / Zoological Nomenclature
942 ## - ADDED ENTRY ELEMENTS (KOHA)
Koha item type Books (General)
Holdings
Withdrawn status Lost status Damaged status Not for loan Home library Current library Date acquired Total Checkouts Full call number Barcode Date last seen Price effective from Koha item type
        College of Agriculture, Vellayani College of Agriculture, Vellayani 02/05/2014   581.012 SCH KAU_COAV-2282 02/05/2014 02/05/2014 Books (General)
Kerala Agricultural University Central Library
Thrissur-(Dt.), Kerala Pin:- 680656, India
Ph : (+91)(487) 2372219
E-mail: librarian@kau.in
Website: http://library.kau.in/